Top 25 Passing Yards NFL saison 2024-25 - Statistiques

Statistiques générales
  • Ce quiz a été pris 400 fois
  • Le résultat moyen est 19 sur 25
Statistiques - réponses
Yards Equipe Joueurs % Correct
3928 Chiefs Patrick Mahomes
98%
4918 Bengals Joe Burrow
97%
4172 Ravens Lamar Jackson
95%
3731 Bills Josh Allen
91%
2903 Eagles Jalen Hurts
86%
4629 Lions Jared Goff
86%
3864 49ers Brock Purdy
85%
3897 Jets Aaron Rodgers
84%
3727 Texans C.J. Stroud
79%
3389 Packers Jordan Love
79%
3762 Rams Matthew Stafford
79%
4319 Vikings Sam Darnold
79%
3775 Broncos Bo Nix
78%
3568 Commanders Jayden Daniels
78%
3870 Chargers Justin Herbert
78%
4500 Buccaneers Baker Mayfield
77%
2276 Patriots Drake Maye
73%
3541 Bears Caleb Williams
72%
3508 Falcons Kirk Cousins
71%
3851 Cardinals Kyler Murray
70%
2403 Panthers Bryce Young
67%
4320 Seahawks Geno Smith
67%
2482 Steelers Russell Wilson
64%
2867 Dolphins Tua Tagovailoa
59%
2145 Saints Derek Carr
52%
Aucun quiz correspondant
Distribution des résultats
% des personnes avec chaque résultat
Percentile par nombre de réponses
Votre historique - résultats
Vous n’avez pas pris ce quiz